| 000 | 00739nam a2200241 a 4500 | ||
|---|---|---|---|
| 001 | BRCA_4499 | ||
| 005 | 20190320204707.0 | ||
| 008 | 140910r1811----fr-#######---#000-0#fre-# | ||
| 041 | _afre | ||
| 044 | _afr | ||
| 050 | 4 |
_aF1211 _b.H86 1 _c1811 |
|
| 100 | 1 |
_aHumboldt, Alejandro de _97025 |
|
| 245 | 1 | 0 |
_aEssai politique _bsur le Royaume de la Nouvelle-Espagne _cpar Alejandro de Humboldt. |
| 260 |
_aParís _bChez F. Schoell _c1811 |
||
| 300 |
_a564 p. (v.4) _c21 cm. |
||
| 500 | _aIncluye tabla de materias | ||
| 500 | _aVer también S100 (vols. 1, 2, 3 y 5) | ||
| 500 | _aCG7 | ||
| 650 | 1 | 4 |
_aMinas y recursos minerales _xViajeros alemanes _911395 |
| 651 | 4 |
_aMéxico _xDescripción y viajes _9103 |
|
| 902 | _aGFM | ||
| 942 |
_2lcc _cB |
||
| 999 |
_c4205 _d4205 |
||